| 000 | 00509nam a2200193 a 4500 | ||
|---|---|---|---|
| 001 | 12282 | ||
| 003 | CO-ViMGA | ||
| 008 | 141112s2004 ck r 000 u spa d | ||
| 020 | _a8480552557 | ||
| 040 |
_aCO-ViMGA _bspa _cCO-ViMGA |
||
| 082 | _aR658.803 D422 | ||
| 245 | 1 | 0 | _aDiccionario de Marketing |
| 260 |
_aMadrid : _bEd. Cultural S.A., _c1999 |
||
| 300 | _a400 p. | ||
| 500 | _apág. : 400 p. | ||
| 650 | 1 | 4 |
_aMARKETING - DICCIONARIOS _95372 |
| 650 | 1 | 4 |
_aMERCADEO - DICCIONARIOS _95373 |
| 942 |
_2ddc _cBK |
||
| 999 |
_c11428 _d11428 |
||